000 00551cas a2200169 4500
008 100716n eng u
022 _a0945-6228
035 _a(Sirsi) a170440
050 _aTN 853.A8
245 _aASPHALT:THE MAGAZINE OF THE ASPHALT INSTITUTE.
260 _aLexington
_b Asphalt Institute
_c 1969-
310 _aQuarterly.
362 _aVol.21, No.1, 1969 - Vol.28, No.1, 2013.
520 _aIt contains information on the production of asphalt and bituminous roads.
650 _aAsphalt.
780 _aFormerly: Asphaltstrasse.
999 _c9240
_d9240